000
00296nam a2200121Ia 4500
008
190723s9999 xx 000 0 und d
020
_a
978-81-265-4231-4
100
_a
Simon Haykin
245
0
_a
Digital Communication System
260
_a
New Delhi
_b
Wiley
_c
2014
300
_a
800.:p
942
_c
BK
999
_c
1750
_d
1750